Statistics for Geography Quiz #1

Click here to take the quiz!

General Stats

  • This quiz has been taken 94 times
  • The average score is 8 of 11

Answer Stats

QuestionAnswer% Correct
Is Greece in...Europe
98%
Is Spanish the official language of BrazilNo
95%
Is Russia in...Both Europe and Asia
93%
Is Angola a town in Southeast China?No
90%
Is Sydney in the Australian state of...New South Wales
83%
Where is Timbuctou situated?...is it in...Mali
81%
Is French the main language of Yekaterinburg in Russia?No
81%
Did the Roman Empire stretch out into Thailand?No
76%
Did you enjoy this quiz?Yes
72%
Is Egypt in...Both
17%
Is the United Sates in...Both
12%

Score Distribution

Percentile by Number Answered

Percent of People with Each Score

Your Score History

You have not taken this quiz